| 000 | 01001nam a22003017a 4500 | ||
|---|---|---|---|
| 001 | 7033 | ||
| 003 | FISKH | ||
| 005 | 20250619100157.0 | ||
| 008 | 250619b cb ||||| |||| 00| 0 eng d | ||
| 020 | _a033500002090 | ||
| 040 |
_aFISKH _beng _cFISKH _dFISKH |
||
| 050 | _a394 | ||
| 082 | _aPZ7.L5868 L | ||
| 100 | _aLewis, Jean | ||
| 245 |
_aThe little golden book of holidays / _cBy Jean Lewis : Illustrated by Kathy Wilburn |
||
| 260 |
_aNew York : _bWestern Publishing Company, Inc. , _c1985. |
||
| 300 |
_a24 unnumbered pages : _bcolor illustrations ; _c20 cm . |
||
| 490 | _aA little golden book | ||
| 505 | _aJ | ||
| 520 | _aFrom New Year's Day to Christmas, June enjoys preparing for and celebrating all the holidays throughout the year. | ||
| 521 | 8 |
_a500
_bLexile estimate |
|
| 521 | 8 |
_aJ
_bRaz-Plus |
|
| 650 |
_aHolidays _vJuvenile Fiction |
||
| 650 |
_aSeason _vJuvenile Fiction |
||
| 700 |
_aWilburn, Kathy _eIllustrator |
||
| 942 |
_2ddc _cBK _n0 |
||
| 999 |
_c7033 _d7033 |
||